| Tag |
First Indicator |
Second Indicator |
Subfields |
| LEADER |
00000cgm a2200000Ii 4500 |
| 001 |
in00004058626 |
| 005 |
20190718162935.0 |
| 007 |
vd cvaizq |
| 008 |
190214p20192018cau119 e vleng d |
| 019 |
|
|
|a 1090281149
|
| 024 |
1 |
|
|a 024543566588
|
| 028 |
4 |
2 |
|a 2356658
|b Twentieth Century Fox Home Entertainment
|
| 035 |
|
|
|a (OCoLC)on1085679123
|
| 035 |
|
|
|a (OCoLC)1085679123
|z (OCoLC)1090281149
|
| 037 |
|
|
|b Midwest Tape
|n http://www.midwesttapes.com
|
| 040 |
|
|
|a TEFMT
|b eng
|e rda
|c TEFMT
|d OCLCO
|d TEF
|d IOW
|d OCLCO
|d OCLCF
|d WSD
|d DV1
|d INO
|d VVC
|d IHY
|d JNE
|d WAU
|d AKR
|d IBI
|d B@L
|d MHH
|d OCLCO
|d EAU
|d VLW
|d GXR
|d OCLCO
|d UPM
|d TXA
|d UtOrBLW
|
| 041 |
1 |
|
|a eng
|j spa
|j eng
|h eng
|
| 046 |
|
|
|k 2018
|2 edtf
|
| 049 |
|
|
|a TXAM
|
| 050 |
|
4 |
|a PN1997.2
|b .I5 2019
|
| 082 |
0 |
4 |
|a 791.43/72
|2 23
|
| 090 |
|
|
|a PN1997.2
|b .I4137 2019
|
| 130 |
0 |
|
|a If Beale Street could talk (Motion picture)
|0 http://id.loc.gov/authorities/names/no2019091318
|
| 245 |
1 |
0 |
|a If Beale street could talk /
|c written for the screen and directed by Barry Jenkins ; produced by Adele Romanski, Sara Murphy, Barry Jenkins, Dede Gardner, Jeremy Kleiner ; Annapurna Pictures presents ; a Plan B Entertainment production ; a Pastel production.
|
| 257 |
|
|
|a United States
|2 naf
|
| 264 |
|
1 |
|a Beverly Hills, CA :
|b Twentieth Century Fox Home Entertainment,
|c [2019]
|
| 264 |
|
4 |
|c ©2018
|
| 300 |
|
|
|a 1 videodisc (119 min.) :
|b sound, color ;
|c 4 3/4 in.
|
| 336 |
|
|
|a two-dimensional moving image
|b tdi
|2 rdacontent
|
| 337 |
|
|
|a video
|b v
|2 rdamedia
|
| 338 |
|
|
|a videodisc
|b vd
|2 rdacarrier
|
| 340 |
|
|
|b 4 3/4 in.
|
| 340 |
|
|
|g polychrome
|2 rdacc
|
| 340 |
|
|
|d stamping
|2 rdapm
|
| 344 |
|
|
|a digital
|2 rdatr
|
| 344 |
|
|
|b optical
|2 rdarm
|
| 344 |
|
|
|g stereo
|2 rdacpc
|
| 344 |
|
|
|h 5.1 Dolby Digital
|
| 346 |
|
|
|b NTSC
|2 rdabs
|
| 347 |
|
|
|a video file
|2 rdaft
|
| 347 |
|
|
|b DVD video
|
| 347 |
|
|
|e region 1
|2 rdare
|
| 380 |
|
|
|a Motion pictures
|2 lcgft
|
| 538 |
|
|
|a DVD, NTSC, region 1; wide screen (2.00:1); Dolby digital 5.1.
|
| 546 |
|
|
|a English dialogue with optional Spanish subtitles; English subtitles for the deaf and hard of hearing (SDH) and optional English descriptive audio; closed-captioned in English.
|
| 511 |
1 |
|
|a KiKi Layne, Stephan James, Colman Domingo, Teyonah Parris, Michael Beach, Aunjanue Ellis, Dave Franco, Diego Luna, Pedro Pascal, Emily Rios, Ed Skrein, Finn Wittrock, Brian Tyree Henry, Regina King.
|
| 508 |
|
|
|a Cinematography, James Laxton ; editors, Joi McMillon, Nat Sanders ; music, Nicholas Britell.
|
| 500 |
|
|
|a Based on the novel by James Baldwin.
|
| 500 |
|
|
|a Originally released as a motion picture in 2018.
|
| 500 |
|
|
|a Wide screen (2.00:1).
|
| 521 |
8 |
|
|a MPAA rating: R; for language and some sexual content.
|
| 520 |
|
|
|a A timeless love story set in early 1970s Harlem involving newly engaged nineteen-year- old Tish and her fiance Fonny who have a beautiful future ahead. But their plans are derailed when Fonny is arrested for a crime he did not commit. Now the pair and their families must fight for justice in the name of love and the promise of the American dream.
|
| 500 |
|
|
|a Special features: Commentary with Barry Jenkins; deleted scenes; If Beale Street could talk: poetry in motion; gallery, theatrical trailer.
|
| 650 |
|
0 |
|a African Americans
|v Drama.
|0 http://id.loc.gov/authorities/subjects/sh2007100210
|
| 650 |
|
0 |
|a Pregnant women
|v Drama.
|
| 650 |
|
0 |
|a False arrest
|v Drama.
|
| 650 |
|
0 |
|a Man-woman relationships
|v Drama.
|0 http://id.loc.gov/authorities/subjects/sh2008107215
|
| 650 |
|
7 |
|a False arrest.
|2 fast
|0 (OCoLC)fst00920095
|
| 650 |
|
7 |
|a Pregnant women.
|2 fast
|0 (OCoLC)fst01075191
|
| 655 |
|
7 |
|a Romance films.
|2 lcgft
|0 http://id.loc.gov/authorities/genreForms/gf2011026543
|
| 655 |
|
7 |
|a Film adaptations.
|2 lcgft
|0 http://id.loc.gov/authorities/genreForms/gf2011026254
|
| 655 |
|
7 |
|a Feature films.
|2 lcgft
|0 http://id.loc.gov/authorities/genreForms/gf2011026247
|
| 655 |
|
7 |
|a Fiction films.
|2 lcgft
|0 http://id.loc.gov/authorities/genreForms/gf2011026250
|
| 655 |
|
7 |
|a Video recordings for the hearing impaired.
|2 lcgft
|0 http://id.loc.gov/authorities/genreForms/gf2011026725
|
| 655 |
|
7 |
|a Video recordings for people with visual disabilities.
|2 lcgft
|0 http://id.loc.gov/authorities/genreForms/gf2011026724
|
| 700 |
1 |
|
|a Jenkins, Barry,
|d 1979-
|e film director,
|e screenwriter,
|e film producer.
|0 http://id.loc.gov/authorities/names/no2017022085
|
| 700 |
1 |
|
|a Romanski, Adele,
|e film producer.
|0 http://id.loc.gov/authorities/names/no2010024275
|
| 700 |
1 |
|
|a Murphy, Sara
|c (Film producer),
|e film producer.
|0 http://id.loc.gov/authorities/names/no2018115839
|
| 700 |
1 |
|
|a Gardner, Dede,
|e film producer.
|0 http://id.loc.gov/authorities/names/no2007061899
|
| 700 |
1 |
|
|a Kleiner, Jeremy,
|e film producer.
|0 http://id.loc.gov/authorities/names/no2013102805
|
| 700 |
1 |
|
|a Layne, KiKi,
|e actor.
|0 http://id.loc.gov/authorities/names/no2019044760
|
| 700 |
1 |
|
|a James, Stephan,
|d 1993-
|e actor.
|0 http://id.loc.gov/authorities/names/no2015067317
|
| 700 |
1 |
|
|a Domingo, Colman,
|e actor.
|0 http://id.loc.gov/authorities/names/no2008106535
|
| 700 |
1 |
|
|a Parris, Teyonah,
|e actor.
|0 http://id.loc.gov/authorities/names/ns2015000470
|
| 700 |
1 |
|
|a Beach, Michael,
|e actor.
|0 http://id.loc.gov/authorities/names/no99082418
|
| 700 |
1 |
|
|a Ellis, Aunjanue,
|e actor.
|0 http://id.loc.gov/authorities/names/no99035520
|
| 700 |
1 |
|
|a Franco, Dave,
|d 1985-
|e actor.
|0 http://id.loc.gov/authorities/names/no2010177836
|
| 700 |
1 |
|
|a Luna, Diego,
|d 1979-
|e actor.
|0 http://id.loc.gov/authorities/names/nr2003002418
|
| 700 |
1 |
|
|a Pascal, Pedro,
|e actor.
|0 http://id.loc.gov/authorities/names/no2011112305
|
| 700 |
1 |
|
|a Rios, Emily,
|d 1989-
|e actor.
|0 http://id.loc.gov/authorities/names/no2007027106
|
| 700 |
1 |
|
|a Skrein, Ed,
|d 1983-
|e actor.
|0 http://id.loc.gov/authorities/names/no2014024504
|
| 700 |
1 |
|
|a Wittrock, Finn,
|d 1984-
|e actor.
|0 http://id.loc.gov/authorities/names/no2015049031
|
| 700 |
1 |
|
|a Henry, Brian Tyree,
|e actor.
|0 http://id.loc.gov/authorities/names/no2013032775
|
| 700 |
1 |
|
|a King, Regina,
|e actor.
|0 http://id.loc.gov/authorities/names/no95048422
|
| 700 |
1 |
|
|a Britell, Nicholas,
|d 1980-
|e composer (expression)
|0 http://id.loc.gov/authorities/names/no2016048562
|
| 700 |
1 |
|
|i Motion picture adaptation of (work):
|a Baldwin, James,
|d 1924-1987.
|t If Beale Street could talk.
|
| 710 |
2 |
|
|a Annapurna Pictures,
|e presenter.
|0 http://id.loc.gov/authorities/names/no2013084128
|
| 710 |
2 |
|
|a Plan B Entertainment,
|e production company.
|0 http://id.loc.gov/authorities/names/n2007064464
|
| 710 |
2 |
|
|a Pastel (Firm),
|e production company.
|0 http://id.loc.gov/authorities/names/no2017118934
|
| 710 |
2 |
|
|a Twentieth Century Fox Home Entertainment, Inc.,
|e publisher.
|0 http://id.loc.gov/authorities/names/no96013286
|
| 994 |
|
|
|a C0
|b TXA
|
| 948 |
|
|
|a cataloged
|b h
|c 2019/04/03
|d c
|e blrosas
|f 12:24:34 pm
|
| 999 |
f |
f |
|s 01647291-de02-3b95-8c72-909b0b062d80
|i 996db520-345c-32a7-887f-feddf15c308a
|t 0
|
| 952 |
f |
f |
|p dvd
|a Texas A&M University
|b College Station
|c Sterling C. Evans Library
|d Evans: Media and Reserves (Annex 1st floor)
|t 0
|e PN1997.2 .I4137 2019
|h Library of Congress classification
|i video -- videodisc
|m A14850691727
|
| 998 |
f |
f |
|a PN1997.2 .I4137 2019
|t 0
|l Evans: Media and Reserves (Annex 1st floor)
|